00516nam a2200181 a 45000010010000000030011000100080041000210350026000620820014000881000019001022450017001212600036001386500024001749420012001989520089002109980020002999990015003190000-8590ELIB.Books110520 1955  a(ELIB.Books)0000-8736 a813 bGut aGuthrie, A. B. aThe Way West bNew York: Pocket Books c1955 aPoetry - Collection 2ddccBK 00102ddc4070aKBTSbKBTSd2011-05-20l0p221r2022-01-22 00:00:00w2022-01-22yBK cbate2011-05-20 c8590d8590